Contrast Agents I Magnetic Resonance Imaging /

Extracellular MRI and X-ray contrast agents are characterized by their phar- cokinetic behaviour.After intravascular injection their plasma-level time curve is characeterized by two phases. The agents are rapidly distributed between plasma and interstitial spaces followed by renal elimination with a...

Πλήρης περιγραφή

Λεπτομέρειες βιβλιογραφικής εγγραφής
Συγγραφή απο Οργανισμό/Αρχή: SpringerLink (Online service)
Άλλοι συγγραφείς: Krause, Werner (Επιμελητής έκδοσης, http://id.loc.gov/vocabulary/relators/edt)
Μορφή: Ηλεκτρονική πηγή Ηλ. βιβλίο
Γλώσσα:English
Έκδοση: Berlin, Heidelberg : Springer Berlin Heidelberg : Imprint: Springer, 2002.
Έκδοση:1st ed. 2002.
Σειρά:Topics in Current Chemistry, 221
Θέματα:
Διαθέσιμο Online:Full Text via HEAL-Link
LEADER 04014nam a2200589 4500
001 978-3-540-45733-6
003 DE-He213
005 20191026032146.0
007 cr nn 008mamaa
008 121227s2002 gw | s |||| 0|eng d
020 |a 9783540457336  |9 978-3-540-45733-6 
024 7 |a 10.1007/3-540-45733-X  |2 doi 
040 |d GrThAP 
050 4 |a QD71-142 
072 7 |a PNF  |2 bicssc 
072 7 |a SCI013010  |2 bisacsh 
072 7 |a PNF  |2 thema 
082 0 4 |a 543  |2 23 
245 1 0 |a Contrast Agents I  |h [electronic resource] :  |b Magnetic Resonance Imaging /  |c edited by Werner Krause. 
250 |a 1st ed. 2002. 
264 1 |a Berlin, Heidelberg :  |b Springer Berlin Heidelberg :  |b Imprint: Springer,  |c 2002. 
300 |a X, 249 p. 21 illus., 2 illus. in color.  |b online resource. 
336 |a text  |b txt  |2 rdacontent 
337 |a computer  |b c  |2 rdamedia 
338 |a online resource  |b cr  |2 rdacarrier 
347 |a text file  |b PDF  |2 rda 
490 1 |a Topics in Current Chemistry,  |x 0340-1022 ;  |v 221 
505 0 |a Extracellular MRI Contrast Agents Based on Gadolinium -- Structures of MRI Contrast Agents in Solution -- Relaxivity of MRI Contrast Agents -- Kinetic Stabilities of Gadolinium(III) Chelates Used as MRI Contrast Agents -- New Classes of MRI Contrast Agents -- Non-Gadolinium-Based MRI Contrast Agents -- Blood-Pool MRI Contrast Agents: Properties and Characterization. 
520 |a Extracellular MRI and X-ray contrast agents are characterized by their phar- cokinetic behaviour.After intravascular injection their plasma-level time curve is characeterized by two phases. The agents are rapidly distributed between plasma and interstitial spaces followed by renal elimination with a terminal half-live of approximatly 1-2 hours. They are excreted via the kidneys in unchanged form by glomerular filtration. Extracellular water-soluble contrast agents to be applied for X-ray imaging were introduced into clinical practice in 1923. Since that time they have proved to be most valuable tools in diagnostics.They contain iodine as the element of choice with a sufficiently high atomic weight difference to organic tissue. As positive contrast agents their attenuation of radiation is higher compared with the attenuation of the surrounding tissue. By this contrast enhancement X-ray diagnostics could be improved dramatically. In 2,4,6-triiodobenzoic acid derivatives iodine is firmly bound. Nowadays diamides of the 2,4,6-triiodo-5-acylamino-isophthalic acid like iopromide (Ultravist, Fig. 1) are used as non-ionic (neutral) X-ray contrast agents in most cases [1]. 
650 0 |a Analytical chemistry. 
650 0 |a Physical chemistry. 
650 0 |a Organic chemistry. 
650 0 |a Materials science. 
650 0 |a Biochemistry. 
650 0 |a Laboratory medicine. 
650 1 4 |a Analytical Chemistry.  |0 http://scigraph.springernature.com/things/product-market-codes/C11006 
650 2 4 |a Physical Chemistry.  |0 http://scigraph.springernature.com/things/product-market-codes/C21001 
650 2 4 |a Organic Chemistry.  |0 http://scigraph.springernature.com/things/product-market-codes/C19007 
650 2 4 |a Characterization and Evaluation of Materials.  |0 http://scigraph.springernature.com/things/product-market-codes/Z17000 
650 2 4 |a Biochemistry, general.  |0 http://scigraph.springernature.com/things/product-market-codes/L14005 
650 2 4 |a Laboratory Medicine.  |0 http://scigraph.springernature.com/things/product-market-codes/B15007 
700 1 |a Krause, Werner.  |e editor.  |4 edt  |4 http://id.loc.gov/vocabulary/relators/edt 
710 2 |a SpringerLink (Online service) 
773 0 |t Springer eBooks 
776 0 8 |i Printed edition:  |z 9783642075964 
776 0 8 |i Printed edition:  |z 9783662146538 
776 0 8 |i Printed edition:  |z 9783540422471 
830 0 |a Topics in Current Chemistry,  |x 0340-1022 ;  |v 221 
856 4 0 |u https://doi.org/10.1007/3-540-45733-X  |z Full Text via HEAL-Link 
912 |a ZDB-2-CMS 
912 |a ZDB-2-BAE 
950 |a Chemistry and Materials Science (Springer-11644)